Elenca la formazione - Quiz n°47 - Statistics

Statistiche generali
  • Questo quiz è stato fatto 50 volte
  • Il punteggio medio è 5 su 11
Statistiche sulle risposte
Ruolo Nazione Calciatore % Corretto
Trequartista Uruguay Luis Suárez
89%
Centrocampista Inghilterra Steven Gerrard
83%
Difensore Slovacchia Martin Škrtel
81%
Portiere Spagna Pepe Reina
78%
Difensore Danimarca Daniel Agger
56%
Difensore Inghilterra Glen Johnson
42%
Ala Inghilterra Jordan Henderson
42%
Attaccante Inghilterra Andy Carroll
19%
Difensore Spagna José Enrique
17%
Centrocampista Scozia Charlie Adam
11%
Ala Inghilterra Stewart Downing
11%
Nessun quiz corrispondente trovato
Distribuzione punteggi
Percentuale di utenti per punteggio
Percentile per numero di risposta
I tuoi punteggi nel tempo
Non hai fatto questo quiz